| 000 | 00447nam a2200181Ia 4500 | ||
|---|---|---|---|
| 005 | 20240913125938.0 | ||
| 008 | 240913s9999||||xx |||||||||||||| ||und|| | ||
| 041 | _aENGLISH | ||
| 082 | _A614.1 Q6 | ||
| 100 | _aAjay Kumar | ||
| 245 | 0 | _aTextbook of Forensic Medicine | |
| 250 | _a2nd | ||
| 260 |
_c2016 _bAvichal Publishing Co |
||
| 500 | _aREFERENCE | ||
| 650 |
_aForensic Science _bAllied Health Science |
||
| 942 | _cREF | ||
| 999 |
_c246618 _d246618 |
||